U.S. States by Abbreviation - Statistics

General Stats
  • This quiz has been taken 68,584 times
  • The average score is 42 of 50
Answers on the Map
Answers color-coded by a green-red scale on the quiz's map according to % correct below.
 
Answer Stats
Abbv State % Correct
CA California
97%
AL Alabama
95%
MI Michigan
94%
NY New York
94%
MA Massachusetts
93%
TX Texas
92%
WA Washington
92%
AR Arkansas
91%
FL Florida
91%
CO Colorado
90%
ND North Dakota
90%
NM New Mexico
89%
SD South Dakota
89%
NC North Carolina
88%
OR Oregon
88%
AZ Arizona
87%
ID Idaho
87%
SC South Carolina
87%
MN Minnesota
86%
MO Missouri
86%
MS Mississippi
86%
NE Nebraska
86%
NV Nevada
86%
OH Ohio
85%
AK Alaska
84%
GA Georgia
83%
IL Illinois
83%
UT Utah
83%
OK Oklahoma
82%
WY Wyoming
82%
LA Louisiana
81%
NJ New Jersey
81%
WV West Virginia
81%
IN Indiana
80%
KS Kansas
80%
MT Montana
79%
NH New Hampshire
79%
TN Tennessee
79%
HI Hawaii
78%
IA Iowa
78%
KY Kentucky
78%
ME Maine
77%
VA Virginia
77%
WI Wisconsin
77%
DE Delaware
75%
VT Vermont
75%
PA Pennsylvania
74%
RI Rhode Island
72%
CT Connecticut
71%
MD Maryland
68%
No matching quizzes found
Score Distribution
Percent of People with Each Score
Percentile by Number Answered
Your Score History
You have not taken this quiz